[Event "POL-chT rapid"]
[Site "Zgierz"]
[Date "2018.03.03"]
[Round "5.18"]
[White "Gdanski, Jacek"]
[Black "Kruszynski, Wlodzimierz"]
[Result "1/2-1/2"]
[WhiteElo "2455"]
[BlackElo "2313"]
[PlyCount "133"]
[EventDate "2018.03.03"]
[EventType "team-swiss (rapid)"]
[EventRounds "9"]
[EventCountry "POL"]
[SourceTitle "CBM 183 Extra"]
[Source "ChessBase"]
[SourceDate "2018.04.19"]
[SourceVersion "1"]
[SourceVersionDate "2018.04.19"]
[SourceQuality "1"]
[WhiteTeam "Katowice Wasko"]
[BlackTeam "Katowice Wasko II"]
[WhiteTeamCountry "POL"]
[BlackTeamCountry "POL"]

1. e4 e6 2. d4 d5 3. Nc3 Nf6 4. Bg5 Be7 5. e5 Nfd7 6. h4 Bxg5 7. hxg5 Qxg5 8. Nh3 Qe7 9. Bd3 Nc6 10. Nb5 Nb6 11. c3 a6 12. Na3 Bd7 13. Qg4 g6 14. 0-0-0 0-0-0 15. f4 Kb8 16. Qf3 Na5 17. g4 Bc6 18. f5 Nac4 19. Nxc4 dxc4 20. Be4 Bxe4 21. Qxe4 Nd5 22. f6 Qf8 23. Nf4 Nxf4 24. Qxf4 h6 25. Rh3 Ka8 26. Rdh1 c5 27. Rxh6 Rxh6 28. Qxh6 Qe8 29. Rd1 Qa4 30. a3 cxd4 31. Rxd4 Rxd4 32. Qf8+ Ka7 33. Qc5+ Ka8 34. Qxd4 Qc6 35. Kb1 b5 36. Qd8+ Ka7 37. Qe7+ Qb7 38. Kc2 Kb6 39. Kb1 Qc7 40. Ka2 Kc6 41. Qe8+ Kd5 42. Qf8 Qd7 43. Qe7 Kc6 44. Qf8 a5 45. Qa8+ Kb6 46. g5 Qb7 47. Qd8+ Qc7 48. Qd4+ Kc6 49. Qe4+ Kb6 50. Qd4+ Kc6 51. a4 Qb6 52. Qd6+ Kb7 53. Qd7+ Ka6 54. Qc8+ Ka7 55. Qd7+ Ka6 56. Qc8+ Ka7 57. axb5 Qxb5 58. Qc7+ Ka6 59. Kb1 Qd5 60. Ka2 Qb5 61. Kb1 Qd5 62. Ka2 Qb5 63. Kb1 Qd5 64. Qc8+ Ka7 65. Qc7+ Ka6 66. Qc8+ Ka7 67. Qc7+ 1/2-1/2

[Event "POL-chT rapid"]
[Site "Zgierz"]
[Date "2018.03.03"]
[Round "2.18"]
[White "Kruszynski, Wlodzimierz"]
[Black "Kempinski, Robert"]
[Result "0-1"]
[WhiteElo "2313"]
[BlackElo "2577"]
[PlyCount "68"]
[EventDate "2018.03.03"]
[EventType "team-swiss (rapid)"]
[EventRounds "9"]
[EventCountry "POL"]
[SourceTitle "CBM 183 Extra"]
[Source "ChessBase"]
[SourceDate "2018.04.19"]
[SourceVersion "1"]
[SourceVersionDate "2018.04.19"]
[SourceQuality "1"]
[WhiteTeam "Katowice Wasko II"]
[BlackTeam "Legnica Miedz"]
[WhiteTeamCountry "POL"]
[BlackTeamCountry "POL"]

1. e4 c5 2. Nf3 d6 3. Bb5+ Nd7 4. d4 cxd4 5. Qxd4 a6 6. Bc4 e6 7. a4 Ngf6 8. Nc3 Qc7 9. 0-0 Be7 10. a5 0-0 11. Rd1 Ne5 12. Be2 Bd7 13. Bg5 Nc6 14. Qd2 Rfd8 15. Bxf6 Bxf6 16. Qxd6 Qxd6 17. Rxd6 Be8 18. Rad1 Rxd6 19. Rxd6 Bxc3 20. bxc3 Nxa5 21. c4 Rc8 22. Nd2 Nc6 23. f4 a5 24. c5 a4 25. Nc4 Ra8 26. Rd3 Nb4 27. Rc3 Bc6 28. Bf3 Kf8 29. Kf2 Ke7 30. Ke2 Bb5 31. Ke3 Bxc4 32. Rxc4 a3 33. Rxb4 a2 34. Rxb7+ Kf8 0-1

[Event "EU-ch rapid"]
[Site "Katowice"]
[Date "2017.12.16"]
[Round "6"]
[White "Kruszynski, Wlodzimierz"]
[Black "Ladva, Ottomar"]
[Result "0-1"]
[WhiteElo "2313"]
[BlackElo "2522"]
[PlyCount "72"]
[EventDate "2017.12.16"]
[EventType "swiss (rapid)"]
[EventRounds "11"]
[EventCountry "POL"]
[SourceTitle "CBM 182 Extra"]
[Source "ChessBase"]
[SourceDate "2018.02.23"]
[SourceVersion "1"]
[SourceVersionDate "2018.02.23"]
[SourceQuality "1"]

1. e4 g6 2. d4 Bg7 3. Nf3 d6 4. Nc3 a6 5. a4 b6 6. Bc4 Bb7 7. Ng5 e6 8. 0-0 Nf6 9. e5 dxe5 10. dxe5 Qxd1 11. Rxd1 Nfd7 12. f4 Ke7 13. Be3 h6 14. Nge4 g5 15. g3 Nc6 16. Kf2 Raf8 17. Ke2 Ndxe5 18. fxe5 Nxe5 19. Bd4 f5 20. Nd2 g4 21. Rf1 h5 22. Bb3 h4 23. Nc4 Bf3+ 24. Kf2 hxg3+ 25. hxg3 Rh2+ 26. Ke1 Nd3+ 27. cxd3 Bxd4 28. Bd1 Rxb2 29. Nxb2 Bxc3+ 30. Kf2 Bd4+ 31. Ke1 Bxb2 32. Ra2 Bc3+ 33. Kf2 Bd5 34. Rc2 Bd4+ 35. Ke1 c5 36. Be2 Rh8 0-1

[Event "Tatry op"]
[Site "Tatranska Lomnica"]
[Date "2017.10.08"]
[Round "1"]
[White "Kruszynski, Wlodzimierz"]
[Black "Gettler, Daniel"]
[Result "1-0"]
[WhiteElo "2311"]
[BlackElo "2056"]
[PlyCount "59"]
[EventDate "2017.10.08"]
[EventType "swiss"]
[EventRounds "9"]
[EventCountry "SVK"]
[SourceTitle "CBM 181 Extra"]
[Source "ChessBase"]
[SourceDate "2017.12.12"]
[SourceVersion "1"]
[SourceVersionDate "2017.12.12"]
[SourceQuality "1"]

1. e4 c5 2. Nf3 e6 3. d4 a6 4. c3 b5 5. Bd3 Bb7 6. Qe2 Nf6 7. Bg5 h6 8. Bh4 g5 9. Bg3 Qb6 10. dxc5 Bxc5 11. h4 g4 12. Nfd2 Rg8 13. b4 Be7 14. a4 Nh5 15. axb5 Nxg3 16. fxg3 Qc7 17. e5 f6 18. bxa6 fxe5 19. 0-0 d5 20. Ra3 Qb6+ 21. Kh2 Bxa6 22. Bxa6 Rxa6 23. Qxe5 Kd7 24. Rf7 Nc6 25. Qf4 Rg6 26. Nb3 Ke8 27. Nc5 Rxa3 28. Nxa3 Bxc5 29. bxc5 Qxc5 30. Qc7 1-0

[Event "Katowice POL-HUN 5th"]
[Site "Katowice"]
[Date "2017.05.20"]
[Round "3"]
[White "Sowa, Bernard"]
[Black "Kruszynski, Wlodzimierz"]
[Result "0-1"]
[WhiteElo "1784"]
[BlackElo "2316"]
[PlyCount "98"]
[EventDate "2017.05.20"]
[EventType "swiss (rapid)"]
[EventRounds "9"]
[EventCountry "POL"]
[SourceTitle "CBM 178 Extra"]
[Source "ChessBase"]
[SourceDate "2017.06.22"]
[SourceVersion "1"]
[SourceVersionDate "2017.06.22"]
[SourceQuality "1"]

1. e4 c5 2. c3 d5 3. exd5 Qxd5 4. d4 Nc6 5. Nf3 Nf6 6. Be2 cxd4 7. cxd4 e6 8. 0-0 Be7 9. Nc3 Qd6 10. Nb5 Qd8 11. Bf4 Nd5 12. Bg3 0-0 13. Rc1 a6 14. Nc3 Nf6 15. Bd3 Nb4 16. Bb1 Bd7 17. Ne5 Rc8 18. Qe2 Bc6 19. a3 Nbd5 20. Nxc6 Rxc6 21. Ne4 Qb6 22. Rxc6 Qxc6 23. Be5 Nd7 24. Bg3 Rc8 25. h4 h6 26. Qh5 Qc4 27. Bd6 N7f6 28. Nxf6+ Nxf6 29. Qe5 Bxd6 30. Qxd6 Qd5 31. Qxd5 Nxd5 32. g3 Rc4 33. Rd1 Nf6 34. Kg2 Kf8 35. Rd2 Ke7 36. Ba2 Rc7 37. f3 Kd6 38. g4 Nd5 39. Kg3 Rc1 40. Bxd5 Kxd5 41. Kf4 g6 42. Ke3 f6 43. g5 fxg5 44. hxg5 h5 45. Kd3 Rg1 46. f4 Rg3+ 47. Kc2 h4 48. Re2 h3 49. Re5+ Kd6 0-1

[Event "POL-chT 58th 2nd League"]
[Site "Wisla"]
[Date "2002.??.??"]
[Round "?"]
[White "Kos, Pawel"]
[Black "Kruszynski, Wlodzimierz"]
[Result "1/2-1/2"]
[WhiteElo "2212"]
[BlackElo "2317"]
[PlyCount "40"]
[EventDate "2002.08.30"]
[EventType "team-swiss"]
[EventRounds "11"]
[EventCountry "POL"]
[SourceTitle "EXT 2019"]
[Source "ChessBase"]
[SourceDate "2018.10.10"]
[SourceVersion "1"]
[SourceVersionDate "2018.10.10"]
[SourceQuality "1"]

1. Nf3 Nf6 2. d4 e6 3. Bg5 c5 4. e3 Be7 5. Nbd2 b6 6. Bd3 Bb7 7. c3 Nc6 8. 0-0 0-0 9. Re1 cxd4 10. exd4 Nd5 11. Bxe7 Qxe7 12. c4 Nf4 13. Bf1 Qd8 14. Rc1 d5 15. g3 Ng6 16. c5 bxc5 17. Rxc5 Qd6 18. Rc3 Rfd8 19. Nb3 Rab8 20. Nc5 Ba8 1/2-1/2

[Event "POL-chT 2nd div South"]
[Site "Polanica Zdroj"]
[Date "1999.??.??"]
[Round "6"]
[White "Lupkowski, Edward"]
[Black "Kruszynski, Wlodzimierz"]
[Result "0-1"]
[WhiteElo "2229"]
[BlackElo "2335"]
[PlyCount "52"]
[EventDate "1999.09.17"]
[EventType "team-swiss"]
[EventRounds "10"]
[EventCountry "POL"]
[SourceTitle "EXT 2001"]
[Source "ChessBase"]
[SourceDate "2000.11.22"]
[SourceVersion "1"]
[SourceVersionDate "2000.11.22"]
[SourceQuality "1"]
[WhiteTeam "POL-chT 2nd div South 01"]
[BlackTeam "POL-chT 2nd div South 27"]
[WhiteTeamCountry "POL"]
[BlackTeamCountry "POL"]

1. e4 c5 2. Nf3 e6 3. d3 d5 4. Nbd2 Nc6 5. g3 Nf6 6. Bg2 Be7 7. 0-0 b6 8. Re1 Bb7 9. h4 h6 10. e5 Nd7 11. Nf1 Qc7 12. Qe2 0-0-0 13. c3 Rdg8 14. N1h2 g5 15. hxg5 hxg5 16. Ng4 Rh5 17. d4 Rgh8 18. Be3 Qd8 19. a3 R8h7 20. Nd2 Qh8 21. b4 Rh1+ 22. Bxh1 Rxh1+ 23. Kg2 Qh3+ 24. Kf3 Qxg4+ 25. Kg2 Qh3+ 26. Kf3 Ndxe5+ 0-1

[Event "POL-chT 2nd League South"]
[Site "Wisla"]
[Date "1998.??.??"]
[Round "?"]
[White "Kornasiewicz, Stanislaw"]
[Black "Kruszynski, Wlodzimierz"]
[Result "0-1"]
[WhiteElo "2300"]
[BlackElo "2335"]
[PlyCount "90"]
[EventDate "1998.11.20"]
[EventType "team-swiss"]
[EventRounds "10"]
[EventCountry "POL"]
[SourceTitle "EXT 2000"]
[Source "ChessBase"]
[SourceDate "1999.11.16"]
[SourceVersion "1"]
[SourceVersionDate "1999.11.16"]
[SourceQuality "1"]

1. e4 c5 2. Nc3 Nc6 3. g3 g6 4. Bg2 Bg7 5. d3 d6 6. f4 e6 7. Nf3 Nge7 8. 0-0 0-0 9. Be3 Nd4 10. Bf2 Bd7 11. Nxd4 cxd4 12. Ne2 e5 13. Qd2 Rc8 14. c4 b5 15. b3 Qb6 16. h3 bxc4 17. bxc4 Rb8 18. Nc1 Qb2 19. Qxb2 Rxb2 20. Nb3 Ba4 21. Rfb1 Rxb1+ 22. Rxb1 Rb8 23. Be1 Nc6 24. Kf1 Bh6 25. Bd2 Nd8 26. Ke2 Ne6 27. fxe5 Bxd2 28. Nxd2 Rxb1 29. Nxb1 dxe5 30. Kd2 Nc5 31. Na3 Kf8 32. Bf3 Ke7 33. h4 f5 34. h5 Bc6 35. Nb5 fxe4 36. dxe4 Bxe4 37. hxg6 hxg6 38. Be2 a6 39. Na3 Kd6 40. Bd1 g5 41. g4 Bg6 42. Bf3 e4 43. Bg2 e3+ 44. Ke2 Bd3+ 45. Ke1 Ke5 0-1

[Event "POL-chT 2nd League South"]
[Site "Wisla"]
[Date "1998.??.??"]
[Round "?"]
[White "Kruszynski, Wlodzimierz"]
[Black "Dubas, Leszek"]
[Result "1-0"]
[WhiteElo "2335"]
[BlackElo "2220"]
[PlyCount "51"]
[EventDate "1998.11.20"]
[EventType "team-swiss"]
[EventRounds "10"]
[EventCountry "POL"]
[SourceTitle "EXT 2000"]
[Source "ChessBase"]
[SourceDate "1999.11.16"]
[SourceVersion "1"]
[SourceVersionDate "1999.11.16"]
[SourceQuality "1"]

1. e4 c5 2. Nf3 Nc6 3. Bb5 e6 4. 0-0 Nge7 5. Nc3 a6 6. Bxc6 Nxc6 7. d4 cxd4 8. Nxd4 Be7 9. Nxc6 dxc6 10. Qh5 Qd4 11. Be3 Qf6 12. f4 0-0 13. Rad1 g6 14. Qe2 e5 15. f5 b5 16. Bb6 a5 17. Qe3 Qg5 18. Qf3 Ba6 19. Rf2 b4 20. Ne2 Rfd8 21. Bxd8 Rxd8 22. Rxd8+ Bxd8 23. fxg6 Qxg6 24. Qe3 Qd6 25. Ng3 b3 26. Qxb3 1-0

[Event "POL-chT 2nd League South"]
[Site "Wisla"]
[Date "1998.??.??"]
[Round "?"]
[White "Kruszynski, Wlodzimierz"]
[Black "Olszynski, Kazimierz"]
[Result "0-1"]
[WhiteElo "2335"]
[BlackElo "2240"]
[PlyCount "90"]
[EventDate "1998.11.20"]
[EventType "team-swiss"]
[EventRounds "10"]
[EventCountry "POL"]
[SourceTitle "EXT 2000"]
[Source "ChessBase"]
[SourceDate "1999.11.16"]
[SourceVersion "1"]
[SourceVersionDate "1999.11.16"]
[SourceQuality "1"]

1. e4 g6 2. d4 Bg7 3. Nc3 e6 4. Nf3 h6 5. Be3 d6 6. Qd2 a6 7. Bd3 Ne7 8. 0-0-0 b5 9. h4 Nd7 10. h5 g5 11. Nh2 c5 12. dxc5 dxc5 13. e5 Qc7 14. f4 gxf4 15. Bxf4 Nxe5 16. Bxb5+ axb5 17. Nxb5 Qb6 18. Nd6+ Kf8 19. Nc4 Qb5 20. Qd8+ Qe8 21. Nxe5 Bb7 22. Nd7+ Kg8 23. Qxe8+ Rxe8 24. Nxc5 Bd5 25. Ng4 Rc8 26. Nd7 f5 27. Ngf6+ Kf7 28. Nxd5 Nxd5 29. Be5 Bxe5 30. Nxe5+ Kf6 31. Rhe1 Rhe8 32. g3 Rg8 33. Nd7+ Kf7 34. Ne5+ Kf6 35. c4 Rxg3 36. b3 Ne3 37. Nd7+ Ke7 38. Rd3 f4 39. Ne5 Kf6 40. Ng6 Kg5 41. Rd2 Re8 42. Rf2 e5 43. Kb2 Kxh5 44. Nxf4+ exf4 45. Rxf4 Nxc4+ 0-1

[Event "Regionalliga NW 9596"]
[Site "Bayern"]
[Date "1996.??.??"]
[Round "?"]
[White "Breithut, Kurt Georg"]
[Black "Kruszynski, Wlodzimierz"]
[Result "1/2-1/2"]
[WhiteElo "2050"]
[BlackElo "2345"]
[PlyCount "29"]
[EventDate "1995.10.??"]
[EventType "team-tourn"]
[EventRounds "9"]
[EventCountry "GER"]
[SourceTitle "EXT 1999"]
[Source "ChessBase"]
[SourceDate "1998.11.16"]
[SourceVersion "1"]
[SourceVersionDate "1998.11.16"]
[SourceQuality "1"]
[WhiteTeam "Coburg"]
[BlackTeam "Sailauf"]
[WhiteTeamCountry "GER"]
[BlackTeamCountry "GER"]

1. g3 Nf6 2. Bg2 c5 3. c3 d5 4. d4 e6 5. Bg5 Qb6 6. Bc1 Nc6 7. Nf3 cxd4 8. cxd4 Bd6 9. 0-0 0-0 10. Nc3 Bd7 11. Rb1 Rac8 12. Bf4 Bxf4 13. gxf4 Ne4 14. Nxe4 dxe4 15. Ne5 1/2-1/2

[Event "Regionalliga NW 9596"]
[Site "Bayern"]
[Date "1996.??.??"]
[Round "?"]
[White "Kruszynski, Wlodzimierz"]
[Black "Kuhn, Norbert"]
[Result "1/2-1/2"]
[WhiteElo "2345"]
[BlackElo "2095"]
[PlyCount "54"]
[EventDate "1995.10.??"]
[EventType "team-tourn"]
[EventRounds "9"]
[EventCountry "GER"]
[SourceTitle "EXT 1999"]
[Source "ChessBase"]
[SourceDate "1998.11.16"]
[SourceVersion "1"]
[SourceVersionDate "1998.11.16"]
[SourceQuality "1"]
[WhiteTeam "Sailauf"]
[BlackTeam "Wuerzburg II"]
[WhiteTeamCountry "GER"]
[BlackTeamCountry "GER"]

1. e4 e6 2. d4 d5 3. Nd2 c5 4. Ngf3 Nc6 5. exd5 exd5 6. Bb5 Bd6 7. dxc5 Bxc5 8. 0-0 Nge7 9. Nb3 Bb6 10. Re1 0-0 11. Be3 Bc7 12. Bc5 Re8 13. Qd2 Bg4 14. Nfd4 Qd7 15. Rxe7 Rxe7 16. Nxc6 bxc6 17. Bxc6 Qxc6 18. Bxe7 Re8 19. Re1 h6 20. Bc5 a6 21. Rxe8+ Qxe8 22. Qe3 Qa4 23. a3 Qc4 24. f3 Bf5 25. Qe8+ Kh7 26. Qxf7 Bxh2+ 27. Kxh2 Qh4+ 1/2-1/2

[Event "Regionalliga NW 9596"]
[Site "Bayern"]
[Date "1996.??.??"]
[Round "?"]
[White "Kruszynski, Wlodzimierz"]
[Black "Solomunovic, Igor"]
[Result "1/2-1/2"]
[WhiteElo "2345"]
[BlackElo "2350"]
[PlyCount "39"]
[EventDate "1995.10.??"]
[EventType "team-tourn"]
[EventRounds "9"]
[EventCountry "GER"]
[SourceTitle "EXT 1999"]
[Source "ChessBase"]
[SourceDate "1998.11.16"]
[SourceVersion "1"]
[SourceVersionDate "1998.11.16"]
[SourceQuality "1"]
[WhiteTeam "Sailauf"]
[BlackTeam "Burgsinn"]
[WhiteTeamCountry "GER"]
[BlackTeamCountry "GER"]

1. e4 e6 2. d4 d5 3. Nd2 dxe4 4. Nxe4 Nd7 5. Nf3 Be7 6. Bd3 Ngf6 7. Nxf6+ Bxf6 8. 0-0 c5 9. dxc5 Nxc5 10. Bb5+ Bd7 11. Qe2 0-0 12. Be3 Rc8 13. Rad1 Qc7 14. Bxd7 Nxd7 15. c4 Rfd8 16. b3 a6 17. Bd4 Bxd4 18. Rxd4 Nf6 19. Rfd1 Rxd4 20. Rxd4 1/2-1/2

[Event "POL-chT reg"]
[Site "Poland"]
[Date "1995.??.??"]
[Round "?"]
[White "Bielczyk, Jacek"]
[Black "Kruszynski, Wlodzimierz"]
[Result "1/2-1/2"]
[WhiteElo "2365"]
[BlackElo "2345"]
[PlyCount "27"]
[EventDate "1995.??.??"]
[EventType "team"]
[EventRounds "11"]
[EventCountry "POL"]
[SourceTitle "EXT 2001"]
[Source "ChessBase"]
[SourceDate "2000.11.22"]
[SourceVersion "1"]
[SourceVersionDate "2000.11.22"]
[SourceQuality "1"]

1. e4 c5 2. Nf3 e6 3. d4 cxd4 4. Nxd4 Nc6 5. Nc3 Nf6 6. Ndb5 d6 7. Bf4 e5 8. Bg5 a6 9. Na3 b5 10. Nd5 Qa5+ 11. Bd2 Qd8 12. Bg5 Qa5+ 13. Bd2 Qd8 14. Bg5 1/2-1/2

[Event "Copenhagen BSF-B"]
[Site "Copenhagen"]
[Date "1995.??.??"]
[Round "2"]
[White "Kruszynski, Wlodzimierz"]
[Black "Andersen, Kaare Vissing"]
[Result "1/2-1/2"]
[WhiteElo "2345"]
[BlackElo "2295"]
[PlyCount "64"]
[EventDate "1995.03.??"]
[EventType "tourn"]
[EventRounds "9"]
[EventCountry "DEN"]
[EventCategory "3"]
[SourceTitle "CBM 046 Extra"]
[Source "ChessBase"]
[SourceDate "1995.07.01"]
[SourceVersion "1"]
[SourceVersionDate "1995.07.01"]
[SourceQuality "1"]

1. e4 g6 2. d4 Bg7 3. Nc3 d6 4. Nf3 c6 5. Be2 Nf6 6. 0-0 0-0 7. a4 a5 8. h3 Qc7 9. Be3 e5 10. dxe5 dxe5 11. Nd2 Be6 12. Bc4 Re8 13. Bxe6 Rxe6 14. Qe2 Nbd7 15. Qc4 Ne8 16. Rad1 Bf8 17. Nf3 Rc8 18. Ng5 Rf6 19. Rd3 h6 20. Nf3 Rd6 21. Rfd1 Rxd3 22. Rxd3 Nd6 23. Qb3 b6 24. Rd1 Nb7 25. Qc4 Ndc5 26. Nh4 Kg7 27. Qe2 h5 28. Nf3 Ne6 29. Ng5 Nxg5 30. Bxg5 Be7 31. Be3 Bc5 32. Bg5 Be7 1/2-1/2

[Event "POL-chT reg"]
[Site "Poland"]
[Date "1995.??.??"]
[Round "?"]
[White "Michalczyk, Stanislaw"]
[Black "Kruszynski, Wlodzimierz"]
[Result "1/2-1/2"]
[WhiteElo "2140"]
[BlackElo "2345"]
[PlyCount "46"]
[EventDate "1995.??.??"]
[EventType "team"]
[EventRounds "11"]
[EventCountry "POL"]
[SourceTitle "EXT 2001"]
[Source "ChessBase"]
[SourceDate "2000.11.22"]
[SourceVersion "1"]
[SourceVersionDate "2000.11.22"]
[SourceQuality "1"]

1. e4 c5 2. c3 d5 3. exd5 Qxd5 4. d4 e6 5. Na3 Qd8 6. Bf4 cxd4 7. Nb5 Na6 8. Qa4 Bd7 9. 0-0-0 Qb6 10. Qxd4 Qxd4 11. Rxd4 Bc5 12. Nd6+ Bxd6 13. Bxd6 Ne7 14. Bd3 Bc6 15. Nf3 f6 16. Re1 Kf7 17. b4 Rac8 18. Kb2 Nc7 19. c4 b6 20. Bc2 Rhd8 21. Red1 g6 22. Rh4 h5 23. Rhd4 Nf5 1/2-1/2

[Event "Frydek Mistek op"]
[Site "Frydek Mistek"]
[Date "1994.??.??"]
[Round "?"]
[White "Berezjuk, Sergej"]
[Black "Kruszynski, Wlodzimierz"]
[Result "1-0"]
[WhiteElo "2375"]
[BlackElo "2375"]
[PlyCount "139"]
[EventDate "1994.??.??"]
[EventType "swiss"]
[EventRounds "9"]
[EventCountry "CZE"]
[SourceTitle "EXT 1997"]
[Source "ChessBase"]
[SourceDate "1996.11.15"]
[SourceVersion "1"]
[SourceVersionDate "1996.11.15"]
[SourceQuality "1"]

1. d4 Nf6 2. Nc3 d5 3. Bg5 Nbd7 4. Nf3 g6 5. e3 Bg7 6. Be2 0-0 7. 0-0 c6 8. h3 b6 9. Bf4 Bb7 10. Ne5 c5 11. Qd2 Rc8 12. Rfd1 e6 13. Bg5 a6 14. a4 Qc7 15. Bf4 Qd8 16. Bg5 Qc7 17. Nxd7 Qxd7 18. a5 cxd4 19. exd4 b5 20. Bxf6 Bxf6 21. Na2 Rcd8 22. f4 Bg7 23. Nb4 Qd6 24. c3 Bh6 25. Nd3 f6 26. Qe3 Rde8 27. Qg3 Kh8 28. Qh4 Bg7 29. Bf3 Bc8 30. Re1 Re7 31. Re3 Rfe8 32. Rae1 Qc7 33. Nb4 Qd6 34. R1e2 Bb7 35. Nd3 Qc7 36. Nb4 Qd6 37. Nd3 Qc7 38. Nc5 Bc8 39. b4 Qd6 40. Nd3 Qc7 41. Qe1 Qd6 42. Qh4 Qc7 43. Qe1 Qd6 44. g4 Bd7 45. Bg2 Kg8 46. g5 fxg5 47. fxg5 Bc8 48. h4 Kh8 49. Ne5 Rf8 50. Nd3 Ref7 51. Nc5 Qf4 52. Nxe6 Bxe6 53. Rxe6 Qg4 54. Re8 Rf4 55. R2e6 Kg8 56. Rxf8+ Bxf8 57. Rxa6 Re4 58. Qf2 Rf4 59. Qe1 Re4 60. Qf2 Rf4 61. Qd2 Qxh4 62. Rf6 Rxf6 63. gxf6 Bh6 64. Qf2 Qg5 65. Qf3 Qc1+ 66. Bf1 Be3+ 67. Kh1 Kf7 68. a6 Bf4 69. a7 Qd2 70. Qe2 1-0

[Event "Muenster-IM"]
[Site "Muenster"]
[Date "1994.??.??"]
[Round "11"]
[White "Kruszynski, Wlodzimierz"]
[Black "Dinstuhl, Volkmar"]
[Result "0-1"]
[WhiteElo "2390"]
[BlackElo "2365"]
[PlyCount "74"]
[EventDate "1993.12.??"]
[EventType "swiss"]
[EventRounds "11"]
[EventCountry "GER"]
[EventCategory "4"]
[SourceTitle "EXT 1999"]
[Source "ChessBase"]
[SourceDate "1998.11.16"]
[SourceVersion "1"]
[SourceVersionDate "1998.11.16"]
[SourceQuality "1"]

1. e4 c5 2. Nf3 d6 3. d4 cxd4 4. Nxd4 Nf6 5. Nc3 a6 6. g3 e5 7. Nde2 Be7 8. Bg2 Nbd7 9. h3 b6 10. g4 0-0 11. Ng3 g6 12. Bh6 Ne8 13. Bxf8 Nxf8 14. 0-0 Ne6 15. Nd5 Bg5 16. Ne2 Bb7 17. Qd3 Rc8 18. c3 b5 19. b3 N8g7 20. f4 exf4 21. Nexf4 Nxf4 22. Nxf4 Qf6 23. Ne2 Qe7 24. Rad1 Rd8 25. c4 bxc4 26. Qxc4 Ne6 27. Nc3 Nf4 28. Rf2 Rc8 29. Qb4 a5 30. Qxa5 Nxg2 31. Rxg2 Be3+ 32. Kh1 Qh4 33. Kh2 Bf4+ 34. Kg1 Qxh3 35. Nd5 Bxd5 36. exd5 Be3+ 37. Kf1 Qf3+ 0-1